Reflexiones sobre la universidad
محفوظ في:
| المؤلف الرئيسي: | |
|---|---|
| التنسيق: | كتاب |
| اللغة: | الإسبانية |
| منشور في: |
Valparaíso
Universidad Católica de Valparaíso
1990
|
| الموضوعات: | |
| الوسوم: |
إضافة وسم
لا توجد وسوم, كن أول من يضع وسما على هذه التسجيلة!
|
MARC
| LEADER | 00000nam a2200000 a 4500 | ||
|---|---|---|---|
| 001 | UCH1757 | ||
| 003 | CL-VaPUC | ||
| 008 | 090514e19900000CL |||||||||||||||||spa|d | ||
| 082 | 0 | 4 | |a 378.01 |b ARV |2 21 |
| 100 | 0 | |a Arvia, Alejandro Jorge |e author |9 536289 | |
| 245 | 1 | 0 | |a Reflexiones sobre la universidad |
| 300 | |a pag. irreg | ||
| 942 | |c BK | ||
| 945 | |d 20090514 00:00:00 |a rbrito | ||
| 260 | |a Valparaíso |b Universidad Católica de Valparaíso |c 1990 | ||
| 650 | 0 | |a Educación superior |9 223851 | |
| 650 | 0 | |a Filosofía de la educación |9 258384 | |
| 583 | |a last modification |c 20090514 00:00:00 |k Rodrigo Vera | ||
| 999 | |c 333672 |d 333670 | ||
| 952 | |0 0 |1 0 |4 0 |6 378_010000000000000_ARV_1990 |7 0 |8 X |9 422237 |a FDOBUD |b FDOBUD |d 2019-11-22 |i 4546032 |o 378.01 ARV 1990 |p 4546032 |r 2019-11-22 |w 2019-11-22 |y BK_X |k FHP | ||